00235 a2200109 4500001000700000020000600007040001100013100001900024240003900043245003400082362000900116159299 a  cMagnum aLopes, Antonio10aEnciclopedia sexo e saude/v.3lpor10aEnciclopedia sexo e saude/v.30 a1899